| 000 | 00437nam a2200145Ia 4500 | ||
|---|---|---|---|
| 008 | 220216s9999 xx 000 0 und d | ||
| 100 | _aMedri G | ||
| 245 | 0 | _aInfluence of residual stress in elastomeric seals under high strain | |
| 260 | _bProceedings of the International Rubber Conference, Venice, 1979; p697-709 | ||
| 650 | _aElastomeric seals | ||
| 650 | _aMolding | ||
| 700 | _aMolari P G | ||
| 700 | _aStrozzi A | ||
| 942 | _cJS | ||
| 999 |
_c61302 _d61302 |
||